Largest Cities By Climate Type in Peru - Statistics

General Stats
  • This quiz has been taken 7 times
  • The average score is 6 of 8
Answer Stats
Hint Answer % Correct
BWk (Cold desert) Arequipa
100%
Af (Tropical rainforest) Iquitos
100%
BWh (Hot desert) Lima
100%
BSk (Cold semi-arid) Ayacucho
83%
Cwb (Subtropical highland) Huancayo
67%
Am (Tropical monsoon) Pucallpa
67%
ET (Tundra) Cerro de Pasco
33%
BSh (Hot semi-arid) Huánuco
17%
No matching quizzes found
Score Distribution
Percent of People with Each Score
Percentile by Number Answered
Your Score History
You have not taken this quiz